| 000 | 00748nam a22001937a 4500 | ||
|---|---|---|---|
| 999 |
_c9199 _d9199 |
||
| 003 | AR-CdUCM | ||
| 008 | 190327b ||||| |||| 00| 0 spa d | ||
| 040 |
_aMUNICIPALIDAD PROVINCIAL DEL CUSCO _cBIBLIOTECA MUNICIPAL DEL CUSCO |
||
| 082 |
_a869.15 / _bM22 |
||
| 100 |
_aMancisidor, José _917012 |
||
| 245 | _aSobre literatura y filosofía / | ||
| 260 |
_aMéxico : _bLitoral, |
||
| 300 |
_a218 paginas ; _c18 cm. |
||
| 505 | _aContenido :La novela de la guerra -- La tradición literaria rusa -- La literatura y el realismo socialista -- La literatura española bajo el signo de Franco -- La novela mexicana y la revolución ... | ||
| 650 |
_aLiteratura mexicana _92532 |
||
| 650 |
_aNovela mexicana _9860 |
||
| 942 |
_2ddc _cLIBROS |
||
| 945 | _arum | ||